[Event "BL2 Ost 0809 (Women)"]
[Site "Germany"]
[Date "2008.12.06"]
[Round "3.6"]
[White "Wolf, Carolin"]
[Black "Saenger, Anett"]
[Result "1/2-1/2"]
[WhiteElo "1676"]
[BlackElo "1757"]
[PlyCount "115"]
[EventDate "2008.11.08"]
[EventType "team-tourn"]
[EventRounds "7"]
[EventCountry "GER"]
[SourceTitle "EXT 2010"]
[Source "ChessBase"]
[SourceDate "2010.11.25"]
[SourceVersion "1"]
[SourceVersionDate "2010.11.25"]
[SourceQuality "1"]
[WhiteTeam "Ruedersdorf (W)"]
[BlackTeam "Dresden Gruen Weiss (W)"]
[WhiteTeamCountry "GER"]
[BlackTeamCountry "GER"]

1. e4 d6 2. d4 Nf6 3. Nc3 g6 4. Bc4 Bg7 5. Bg5 0-0 6. Qd2 c6 7. 0-0-0 b5 8. Bd3 Bb7 9. f3 Nbd7 10. Nge2 b4 11. Nb1 a5 12. Bh6 c5 13. Bxg7 Kxg7 14. Bc4 Nb6 15. Bb5 Qc7 16. Qg5 h6 17. Qe3 Rfc8 18. dxc5 Qxc5 19. Qxc5 Rxc5 20. Bd3 Rac8 21. Nd2 a4 22. Kb1 Nfd7 23. c3 bxc3 24. Nxc3 Ne5 25. Be2 Ra5 26. a3 Nec4 27. Nxc4 Nxc4 28. Rc1 Nd2+ 29. Ka2 Nb3 30. Rcd1 Nc5 31. Rc1 Rb8 32. Bc4 Bc8 33. Nd5 Ra7 34. Nb4 Bd7 35. Bd5 Rb6 36. Rhd1 Be6 37. Bxe6 fxe6 38. Rc2 Kf6 39. Re1 Ra8 40. e5+ Kf7 41. Rc4 g5 42. f4 Kg6 43. fxg5 hxg5 44. h4 Rf8 45. hxg5 Kxg5 46. Rh1 Rf4 47. Rc3 Rh4 48. Rxh4 Kxh4 49. exd6 exd6 50. Nd3 Nxd3 51. Rxd3 e5 52. Kb1 Kg4 53. Kc2 Kf4 54. Rf3+ Ke4 55. Rh3 Kd4 56. Rd3+ Ke4 57. Rh3 Kd4 58. Rd3+ 1/2-1/2